|
|
|
|
| LEADER |
00000naa2a2200000 4500 |
| 001 |
467828 |
| 005 |
20240209154003.0 |
| 035 |
|
|
|a (RuTPU)RU\TPU\prd\132819
|
| 090 |
|
|
|a 467828
|
| 100 |
|
|
|a 20120216a2008 k y0rusy50 ca
|
| 101 |
0 |
|
|a rus
|
| 102 |
|
|
|a RU
|
| 200 |
1 |
|
|a Стандарт основной образовательной программы в системе менеджмента качества Томского политехнического университета
|f А. И. Чучалин, А. В. Замятин, М. А. Соловьёв
|
| 320 |
|
|
|a Библиогр.: с. 29 (3 назв.)
|
| 461 |
|
0 |
|0 (RuTPU)RU\TPU\prd\581
|t Alma mater
|l Вестник высшей школы
|o научный журнал
|f Министерство образования и науки Российской Федерации ; Евразийская ассоциация университетов; Ассоциация инженерного образования; Российский союз промышленников и предпринимателей
|d 1991-
|
| 463 |
|
0 |
|0 (RuTPU)RU\TPU\prd\73767
|t № 6
|v С. 25-29
|d 2008
|
| 610 |
1 |
|
|a труды учёных ТПУ
|
| 700 |
|
1 |
|a Чучалин
|b А. И.
|c профессор Томского политехнического университета, доктор технических наук
|c проректор по образовательной и международной деятельности
|f 1952-
|g Александр Иванович
|3 (RuTPU)RU\TPU\pers\22021
|
| 701 |
|
1 |
|a Замятин
|b А. В.
|c специалист в области информатики и вычислительной техники
|c доцент Томского политехнического университета, доктор технических наук
|f 1978-
|g Александр Владимирович
|3 (RuTPU)RU\TPU\pers\25542
|
| 701 |
|
1 |
|a Соловьёв
|b М. А.
|c специалист в области электроэнергетики, организации высшего профессионального образования
|c доцент Томского политехнического университета, кандидат технических наук
|f 1972-
|g Михаил Александрович
|3 (RuTPU)RU\TPU\pers\25186
|9 11266
|
| 801 |
|
1 |
|a RU
|b 63413507
|c 20120216
|
| 801 |
|
2 |
|a RU
|b 63413507
|c 20140804
|g RCR
|
| 942 |
|
|
|c BK
|